| 000 | 00570cam a2200157K 4500 | ||
|---|---|---|---|
| 082 | 0 | 4 |
_a358.12 _bBIS |
| 100 | 1 |
_aBishop, Harry Gore, _950382 |
|
| 245 | 1 | 0 |
_aField artillery, the king of battles _cby H.G. Bishop. |
| 260 |
_aBoston, _aNew York, _bHoughton Mifflin Co., _c1935. |
||
| 300 |
_a1 online resource (x, 180 p.) _bfront., illus., plates, diagrs. |
||
| 526 |
_a0 _b0 _c0 _d358_120000000000000_BIS |
||
| 650 | 0 |
_aArtillery, Field and mountain. _950383 |
|
| 650 | 0 |
_aMCE _9379 |
|
| 856 | 4 | 0 | _uhttp://catalog.hathitrust.org/api/volumes/oclc/2862187.html |
| 942 |
_2ddc _cBK |
||
| 999 |
_c553112 _d553112 |
||